000 00395nam a2200169Ia 4500
003 OSt
005 20240424115038.0
008 170619s9999 xx 000 0 und d
020 _a9788120308367
040 _cIIMT ENGINEERING COLLEGE
100 _aPapov Egor P
245 0 _aEngg. Mechanics of Solids
260 _bNew Delhi: PHI
260 _c2002
546 _aENGLISH
942 _2ddc
_c01
999 _c16561
_d16561